书目信息 |
| 题名: |
1974-75年战舰年鉴
|
|
| 作者: | Captain John E.Moore 编 | |
| 分册: | ||
| 出版信息: | 伦敦 Haymarket Publishing Group. |
|
| 页数: | 670页 | |
| 开本: | 26cm | |
| 丛书名: | ||
| 单 册: | ||
| 中图分类: | F764-54 | |
| 科图分类: | ||
| 主题词: | 工业产品--商品--年鉴 | |
| 电子资源: | ||
| ISBN: | ||
| 000 | 00590nam0 2200193 45 | |
| 001 | 0504041088 | |
| 005 | 20050404144446.7 | |
| 010 | @b精装@dCNY10.20 | |
| 100 | @a20050404d km y0chiy0120 ea | |
| 101 | 0 | @achi |
| 105 | @a z 000yy | |
| 200 | 1 | @a1974-75年战舰年鉴@A1974-75 Nian Zhan Jian Nian Jian@fCaptain John E.Moore编@FCaptain John E.Moore Bian |
| 210 | @a伦敦@cHaymarket Publishing Group. | |
| 215 | @a670页@d26cm | |
| 606 | 0 | @a工业产品@x商品@x年鉴 |
| 690 | @aF764-54@v3 | |
| 701 | 0 | @aCaptain John E.Moore@4编 |
| 801 | @aCN@bPftUser@c20050404 | |
| 905 | @f1@b183129@dF764-54@e5 | |
| 1974-75年战舰年鉴/Captain John E.Moore编.-伦敦:Haymarket Publishing Group. |
| 670页;26cm |
| ISBN (精装):CNY10.20 |
| ● |
| 相关链接 |
|
|
|
|
正题名:1974-75年战舰年鉴
索取号:F764-54/5
 
预约/预借
| 序号 | 登录号 | 条形码 | 馆藏地/架位号 | 状态 | 备注 |
| 1 | 0183129 | 001170342 | 密集书库/ [索取号:F764-54/5] | 在馆 |